000 00469nam a2200169 i 4500
001 28208
003 ES-MaACL
005 20240320062601.0
007 t|
008 030116s1935 sp ||||1| spa d
100 0 _aAzorín,
_d1873-1967
_924326
245 1 0 _aLope en silueta
_b: (con una aguja de navegar Lope) /
_cAzorín.
260 _aMadrid :
_b[s.n.,
_c1935] (
_fGráf. Alfa)
300 _a64 p. ;
_c19 cm.
852 _aES-MaACL
_j1789-F-9
999 _c28208
_d28208